[Event "Lichtenberger Sommer 2016"]
[Site "?"]
[Date "2016.08.20"]
[Round "8.56"]
[White "Rehmsmeier, Marc"]
[Black "Freimuth, Dominik Stefan"]
[Result "0-1"]
[WhiteElo "1686"]
[BlackElo "1838"]
[PlyCount "142"]
[EventDate "2016.??.??"]
[WhiteTeam "vereinslos"]
[BlackTeam "SF Birkenfeld"]

1. d4 d5 2. c4 c6 3. Nf3 Nf6 4. Nc3 dxc4 5. Ne5 Bf5 6. f3 e6 7. e4 Bg6 8. Bg5
Be7 9. Nxc4 h6 10. Bxf6 Bxf6 11. e5 Be7 12. a4 O-O 13. Qb3 Qc7 14. Ne4 Na6 15.
Ned6 Rab8 16. Be2 Bxd6 17. Nxd6 Qa5+ 18. Qc3 Nb4 19. O-O b6 20. Rfc1 c5 21.
dxc5 Qxc5+ 22. Qxc5 bxc5 23. Rxc5 Nc2 24. Ra2 Nd4 25. Bb5 Bb1 26. Ra1 Nb3 27.
Rxb1 Nxc5 28. Rc1 Nb3 29. Rc4 f6 30. Bd7 fxe5 31. Bxe6+ Kh7 32. Bf5+ Kh8 33.
Rc7 Nd4 34. Be4 Ne2+ 35. Kf1 Rxb2 36. Nf7+ Kg8 37. Nxe5 Nf4 38. Rxa7 Rc8 39.
Nc6 Kh8 40. g3 Ne6 41. Bf5 g6 42. Be4 Nd4 43. Ra6 Nxc6 44. Rxc6 Rxc6 45. Bxc6
Rxh2 46. f4 Ra2 47. Bb5 Kg7 48. Bc6 Kf6 49. Bd7 h5 50. Kg1 Rd2 51. Bb5 Kf5 52.
Be8 Kg4 53. Bxg6 Ra2 54. Be8 Kxg3 55. Kf1 h4 56. f5 Rf2+ 57. Ke1 Rxf5 58. Kd2
Kf4 59. Bc6 h3 60. Kd3 Ke5 61. Kc4 Kd6 62. Bb7 h2 63. Kb4 Kc7 64. Ba8 Rf1 65.
Ka5 Kb8 66. Bc6 h1=Q 67. Bxh1 Rxh1 68. Kb6 Rh6+ 69. Ka5 Ka7 70. Kb5 Rh5+ 71.
Kb4 Ka6 0-1

[Event "Lichtenberger Sommer 2016"]
[Site "?"]
[Date "2016.08.20"]
[Round "8.57"]
[White "Kievelitz, Bernd"]
[Black "Bartoszewski-Reiski, Olaf"]
[Result "1-0"]
[WhiteElo "1866"]
[BlackElo "1574"]
[PlyCount "73"]
[EventDate "2016.??.??"]
[WhiteTeam "SC Zitadelle Spandau"]
[BlackTeam "BKS Chemik Bydgoszcz"]

1. Nf3 Nf6 2. c4 c5 3. d4 cxd4 4. Nxd4 g6 5. Nc3 Bg7 6. e4 Nc6 7. Be3 O-O 8.
Be2 d6 9. f3 Bd7 10. O-O Rc8 11. Rc1 a6 12. Nd5 Nxd5 13. exd5 Nxd4 14. Bxd4 e5
15. dxe6 Bxd4+ 16. Qxd4 Bxe6 17. Rfd1 d5 18. c5 Qg5 19. b4 f6 20. f4 Qf5 21.
Bf3 Bf7 22. Bxd5 Rcd8 23. Bxf7+ Kxf7 24. Qc4+ Kg7 25. Rd6 Rd7 26. Rcd1 Rfd8 27.
h3 b5 28. Rxd7+ Rxd7 29. Rxd7+ Qxd7 30. Qe4 Qc7 31. Qd4 a5 32. bxa5 Qxa5 33. c6
Qe1+ 34. Kh2 Qc1 35. Qd6 b4 36. c7 Kh6 37. Qf8+ 1-0

[Event "Lichtenberger Sommer 2016"]
[Site "?"]
[Date "2016.08.20"]
[Round "8.58"]
[White "Milare, Tyron"]
[Black "Eisheh, Jens-Tarek"]
[Result "1/2-1/2"]
[WhiteElo "1788"]
[BlackElo "1828"]
[PlyCount "89"]
[EventDate "2016.??.??"]
[WhiteTeam "Potsdamer SV"]
[BlackTeam "Lübecker SV"]

1. Nf3 d5 2. d4 Nf6 3. c4 e6 4. Bg5 Be7 5. Nc3 b6 6. e3 O-O 7. cxd5 exd5 8. Bd3
h6 9. Bh4 c5 10. dxc5 bxc5 11. O-O Be6 12. Rc1 Nbd7 13. Qe2 Nh5 14. Bxe7 Qxe7
15. Bb5 Nhf6 16. Rfd1 Rac8 17. Ba6 Rb8 18. Bb5 Rfc8 19. Ba6 Rc6 20. Bb5 Rcc8
21. Ba6 Rc6 22. Bb5 Rcb6 23. Rd2 Qd6 24. Bxd7 Qxd7 25. b3 Qe7 26. Na4 Rc6 27.
Nd4 Rc7 28. Nxe6 fxe6 29. Rdc2 Rbc8 30. Nc3 Rc6 31. Na4 Qd6 32. Qb5 Nd7 33. Qa5
Ra6 34. Qb5 Rb8 35. Qe2 c4 36. Qd1 cxb3 37. Rc8+ Rxc8 38. Rxc8+ Kf7 39. axb3
Rc6 40. Rxc6 Qxc6 41. h3 Nf6 42. Qd4 Qc1+ 43. Kh2 Qc7+ 44. Kg1 e5 45. Qd3
1/2-1/2

[Event "Lichtenberger Sommer 2016"]
[Site "?"]
[Date "2016.08.20"]
[Round "8.59"]
[White "Schneider, Eckehard"]
[Black "Schröter, Maik"]
[Result "0-1"]
[WhiteElo "1800"]
[BlackElo "1904"]
[PlyCount "46"]
[EventDate "2016.??.??"]
[WhiteTeam "SF 1903 Berlin"]
[BlackTeam "SG Stadtilm"]

1. e4 Nc6 2. Nf3 e5 3. d4 exd4 4. Nxd4 Bc5 5. Be3 Qf6 6. c3 Nge7 7. Qd2 O-O 8.
Nb5 Bxe3 9. Qxe3 Rb8 10. Nd2 d5 11. Nxc7 d4 12. cxd4 Nxd4 13. Bd3 Qb6 14. Nb5
Rd8 15. Nxd4 Rxd4 16. O-O Qd8 17. Bc4 Rxd2 18. Bxf7+ Kxf7 19. Qf4+ Bf5 20. exf5
Qd6 21. Qc4+ Qd5 22. Qf4 Rd8 23. h3 Rd4 0-1

[Event "Lichtenberger Sommer 2016"]
[Site "?"]
[Date "2016.08.20"]
[Round "8.60"]
[White "Reck, Jessica"]
[Black "Acikel, Mert"]
[Result "0-1"]
[WhiteElo "1653"]
[BlackElo "1820"]
[PlyCount "102"]
[EventDate "2016.??.??"]
[WhiteTeam "SK König Tegel"]
[BlackTeam "SK König Tegel"]

1. e4 e5 2. Nf3 Nc6 3. Bc4 Bc5 4. c3 Nf6 5. d3 d6 6. O-O Bb6 7. Nbd2 Ne7 8. Re1
Ng6 9. Nf1 O-O 10. Ng3 h6 11. h3 c6 12. Bb3 Bc7 13. d4 Re8 14. dxe5 dxe5 15.
Nh2 Nf4 16. Bc2 Qxd1 17. Rxd1 Be6 18. Be3 Rad8 19. Nf3 Bc4 20. Nd2 Ne2+ 21.
Nxe2 Bxe2 22. Re1 Bd3 23. Rac1 Rd7 24. Nb3 b6 25. Bxd3 Rxd3 26. Rcd1 Rxd1 27.
Rxd1 Nxe4 28. Rd7 Rc8 29. a4 Nf6 30. Rd1 Rd8 31. Rxd8+ Bxd8 32. a5 Nd5 33. axb6
axb6 34. Nd2 Nxe3 35. fxe3 f6 36. Kf2 Kf7 37. e4 Ke6 38. g4 g5 39. Nf1 Kd6 40.
b4 c5 41. b5 c4 42. Ne3 Kc5 43. Nf5 Kxb5 44. Ke2 Ka4 45. Kd2 Kb3 46. Nd6 b5 47.
Nb7 Bb6 48. Nd6 Ba5 49. Nxb5 Kb2 50. Nd6 Bxc3+ 51. Kd1 Kb3 0-1

[Event "Lichtenberger Sommer 2016"]
[Site "?"]
[Date "2016.08.20"]
[Round "8.61"]
[White "Udet, Fabian"]
[Black "Baranowsky, Peter"]
[Result "0-1"]
[WhiteElo "1663"]
[BlackElo "1923"]
[PlyCount "120"]
[EventDate "2016.??.??"]
[WhiteTeam "1. SC Anhalt"]
[BlackTeam "SF 1903 Berlin"]

1. e4 c6 2. d4 d5 3. f3 dxe4 4. fxe4 e5 5. Nf3 Bg4 6. Bc4 Nf6 7. Bxf7+ Ke7 8.
Bc4 Bxf3 9. Qxf3 Qxd4 10. Bd3 Nbd7 11. Nc3 Nc5 12. Be3 Nxd3+ 13. cxd3 Qd7 14.
O-O Qg4 15. Bc5+ Ke6 16. Qe3 b6 17. Bxf8 Rhxf8 18. d4 exd4 19. Qxd4 Rfd8 20.
Qc4+ Ke7 21. Rad1 Qe6 22. Qe2 Rxd1 23. Rxd1 Rd8 24. Rxd8 Kxd8 25. Qd3+ Ke7 26.
Qg3 g6 27. Qc7+ Qd7 28. Qe5+ Kf7 29. Qf4 Qd4+ 30. Kh1 Kg7 31. Qc7+ Qd7 32. Qf4
Qd3 33. h3 Nh5 34. Qf3 Qxf3 35. gxf3 Kf6 36. Kg2 g5 37. Ne2 Ke5 38. Kf2 Nf4 39.
Nxf4 Kxf4 40. Ke2 c5 41. Kd3 h5 42. Kc4 Kxf3 43. e5 g4 44. hxg4 hxg4 45. e6 g3
46. e7 g2 47. e8=Q g1=Q 48. Qf7+ Ke2 49. Qh5+ Kd2 50. Qh6+ Kc2 51. Qh7+ Kc1 52.
Qxa7 Qd4+ 53. Kb5 Kxb2 54. Qxb6 Qb4+ 55. Kc6 Qxb6+ 56. Kxb6 c4 57. a4 c3 58. a5
c2 59. a6 c1=Q 60. a7 Qc8 0-1

[Event "Lichtenberger Sommer 2016"]
[Site "?"]
[Date "2016.08.20"]
[Round "8.62"]
[White "Seitz, Patrick"]
[Black "Kretzschmar, Jan"]
[Result "1-0"]
[WhiteElo "1745"]
[BlackElo "1808"]
[PlyCount "25"]
[EventDate "2016.??.??"]
[WhiteTeam "SR Heuberg-Gosheim"]
[BlackTeam "SC Kreuzberg"]

1. e4 c5 2. Nf3 e6 3. c3 Nf6 4. e5 Nd5 5. d4 cxd4 6. cxd4 d6 7. Nc3 dxe5 8.
Nxe5 Be7 9. Bb5+ Kf8 10. O-O a6 11. Bc4 Nxc3 12. bxc3 b5 13. Qf3 1-0

[Event "Lichtenberger Sommer 2016"]
[Site "?"]
[Date "2016.08.20"]
[Round "8.63"]
[White "Lehmkuhl, Stefan"]
[Black "Günther, Boris"]
[Result "1/2-1/2"]
[WhiteElo "1875"]
[BlackElo "1693"]
[PlyCount "96"]
[EventDate "2016.??.??"]
[WhiteTeam "Breloher SC"]
[BlackTeam "SF Friedrichshagen"]

1. d4 d5 2. c4 c6 3. Nf3 Nf6 4. Nc3 dxc4 5. e4 b5 6. e5 Nd5 7. a4 Nxc3 8. bxc3
e6 9. axb5 cxb5 10. Ng5 Bb7 11. Be2 Bxg2 12. Bf3 Nc6 13. Bxg2 Rc8 14. Qf3 Qd7
15. O-O b4 16. Re1 bxc3 17. d5 Nd4 18. Qxc3 Bc5 19. dxe6 fxe6 20. Ba3 Bxa3 21.
Qxa3 Nc2 22. Qh3 Nxe1 23. Rxe1 c3 24. Nxe6 Ke7 25. Qh4+ Ke8 26. Bh3 c2 27. Qg5
Rg8 28. Qc1 Rc6 29. Nf4 Qd4 30. Bg2 Rc4 31. Ne2 Qc5 32. Ng3 Rf8 33. Ne4 Rxe4
34. Bxe4 Rxf2 35. Kh1 a5 36. Bxh7 Qd5+ 37. Be4 Qd2 38. Qxd2 Rxd2 39. Bf3 a4 40.
Bc6+ Ke7 41. Bxa4 Rd1 42. Rxd1 cxd1=Q+ 43. Bxd1 Ke6 44. Kg2 g5 45. Kf3 Kxe5 46.
Kg4 Kf6 47. Bc2 Kg7 48. Kxg5 Kh8 1/2-1/2

[Event "Lichtenberger Sommer 2016"]
[Site "?"]
[Date "2016.08.20"]
[Round "8.64"]
[White "Schilly, Hans-Joachim"]
[Black "Kapp, Frank"]
[Result "1/2-1/2"]
[WhiteElo "1804"]
[BlackElo "1913"]
[PlyCount "153"]
[EventDate "2016.??.??"]
[WhiteTeam "SF Siemensstadt"]
[BlackTeam "TSV IFA Chemnitz"]

1. c4 e6 2. e4 d5 3. exd5 exd5 4. d4 Nf6 5. Nf3 c6 6. Nc3 h6 7. Be3 Be6 8. c5
Nbd7 9. Bd3 Be7 10. O-O O-O 11. b4 b5 12. a4 a6 13. Bc2 Bg4 14. Bf4 Re8 15. Qd3
Bxf3 16. Qxf3 Nf8 17. Rae1 N6h7 18. Qg3 Bg5 19. Be5 Bf6 20. f4 Ne6 21. Qd3 Nhf8
22. Ne2 Bxe5 23. fxe5 Qh4 24. g3 Qg4 25. Nf4 Ra7 26. Bd1 Nxf4 27. Rxf4 Qg6 28.
Qxg6 Nxg6 29. Rff1 Nf8 30. Rf2 Ne6 31. Rd2 Ng5 32. Ra2 Rb8 33. a5 Re8 34. Kg2
g6 35. h4 Ne6 36. Rd2 Rae7 37. Rf1 h5 38. Rf6 Nd8 39. g4 hxg4 40. Bxg4 Ne6 41.
Bxe6 Rxe6 42. Rdf2 R8e7 43. Kg3 Kg7 44. Kg4 Rc7 45. Kg5 Re8 46. Rh2 Rh8 47. h5
Rxh5+ 48. Rxh5 gxh5 49. Kxh5 Rc8 50. Kg5 Rc7 51. Rd6 Rc8 52. Kf4 Rh8 53. Kg4
Rc8 54. Rd7 Kg6 55. Ra7 f6 56. exf6 Kxf6 57. Rxa6 Ke6 58. Rb6 Rg8+ 59. Kf4 Rf8+
60. Ke3 Re8 61. Kd3 Kd7 62. Rb7+ Kc8 63. Rf7 Re6 64. a6 Kb8 65. Rd7 Rh6 66. Rd6
Rh3+ 67. Ke2 Kc7 68. Rf6 Rb3 69. Rf7+ Kb8 70. Rb7+ Ka8 71. Rb6 Rxb4 72. Rxc6
Rxd4 73. Rb6 b4 74. Rb7 Rc4 75. Kd3 b3 76. Rxb3 Rxc5 77. Ra3 1/2-1/2

[Event "Lichtenberger Sommer 2016"]
[Site "?"]
[Date "2016.08.20"]
[Round "8.65"]
[White "Ollek, Karl-Heinz"]
[Black "Körner, Helmut"]
[Result "1/2-1/2"]
[WhiteElo "1739"]
[BlackElo "1870"]
[PlyCount "81"]
[EventDate "2016.??.??"]
[WhiteTeam "SC Friesen Lichtenberg"]
[BlackTeam "SF Nordost Berlin"]

1. Nf3 b5 2. g3 Bb7 3. Bg2 Nf6 4. O-O e6 5. d3 d5 6. Nbd2 Be7 7. c4 bxc4 8.
dxc4 c6 9. a3 O-O 10. b4 a5 11. Bb2 axb4 12. axb4 Rxa1 13. Bxa1 Bxb4 14. Qb3 c5
15. Rd1 Qe7 16. Ne5 Nc6 17. Nxc6 Bxc6 18. Nf3 dxc4 19. Qxc4 Bd5 20. Qh4 Re8 21.
Ng5 h6 22. Nh3 Bxg2 23. Kxg2 Nd5 24. Qg4 f6 25. e4 Nb6 26. Nf4 e5 27. Nh5 c4
28. Bc3 Bxc3 29. Rd6 Rf8 30. Rxb6 Bd4 31. Rc6 c3 32. Qf5 Kh8 33. g4 Qf7 34. Qf3
g6 35. Qxf6+ Qxf6 36. Nxf6 Kg7 37. Nd5 Rxf2+ 38. Kg3 h5 39. gxh5 gxh5 40. Rc7+
Kf8 41. Nxc3 1/2-1/2

[Event "Lichtenberger Sommer 2016"]
[Site "?"]
[Date "2016.08.20"]
[Round "8.66"]
[White "Wölfert, Jürgen"]
[Black "Lange, Cecilia"]
[Result "1/2-1/2"]
[WhiteElo "1834"]
[BlackElo "1858"]
[PlyCount "149"]
[EventDate "2016.??.??"]
[WhiteTeam "BSC Rehberge"]
[BlackTeam "TSG Oberschöneweide"]

1. c4 c5 2. g3 Nc6 3. e3 e6 4. Bg2 Nf6 5. Nc3 b6 6. Nge2 Bb7 7. O-O Na5 8. Bxb7
Nxb7 9. d4 cxd4 10. exd4 Be7 11. Be3 O-O 12. Qd3 d5 13. cxd5 Nxd5 14. Nxd5 Qxd5
15. Nc3 Qd7 16. Rfd1 Rfd8 17. Qe2 Bf6 18. Ne4 Qe7 19. Qf3 Na5 20. b3 Rac8 21.
Rd2 Rd5 22. Nxf6+ Qxf6 23. Qxf6 gxf6 24. Rad1 Nb7 25. f3 Nd6 26. g4 b5 27. Kf2
a5 28. Kg3 Rc3 29. Rd3 Rxd3 30. Rxd3 a4 31. Rc3 axb3 32. axb3 Nb7 33. Rc7 Na5
34. Bh6 Rd8 35. Rc5 Nxb3 36. Rxb5 Nxd4 37. Rb2 Kh8 38. Rb7 Kg8 39. Kf4 Re8 40.
Ke4 Nc6 41. h4 Ne7 42. h5 Kh8 43. Bc1 Kg7 44. Bb2 h6 45. f4 Nd5 46. g5 Kg8 47.
gxh6 Kh7 48. f5 Kxh6 49. Rxf7 exf5+ 50. Kxd5 Kxh5 51. Rxf6 Kg4 52. Bc1 Re1 53.
Bh6 Re8 54. Kd6 Re1 55. Kd5 Re8 56. Kd4 Re4+ 57. Kd3 Re8 58. Be3 Re4 59. Bd2
Re8 60. Rf7 Re6 61. Rg7+ Kf3 62. Rf7 Kg4 63. Bc3 Re8 64. Bd4 Re6 65. Rg7+ Kf4
66. Rg1 Re8 67. Rh1 Re6 68. Rh2 Re8 69. Rg2 Re6 70. Rf2+ Kg4 71. Be3 Re4 72.
Rg2+ Kf3 73. Rf2+ Kg4 74. Rg2+ Kf3 75. Rf2+ 1/2-1/2

[Event "Lichtenberger Sommer 2016"]
[Site "?"]
[Date "2016.08.20"]
[Round "8.67"]
[White "Prix, Siegfried"]
[Black "Kling, Maximilian"]
[Result "1/2-1/2"]
[WhiteElo "1726"]
[BlackElo "1804"]
[PlyCount "43"]
[EventDate "2016.??.??"]
[WhiteTeam "SF 1903 Berlin"]
[BlackTeam "SK Kriegshaber"]

1. e4 e6 2. d4 d5 3. Nc3 Nf6 4. Bg5 Be7 5. e5 Nfd7 6. Bxe7 Qxe7 7. f4 a6 8. Nf3
c5 9. dxc5 Nxc5 10. Be2 Nc6 11. O-O b5 12. a3 Qa7 13. Kh1 Nd7 14. Bd3 Qc7 15.
Qe2 Nb6 16. Na2 Na4 17. c3 Nc5 18. Bc2 Nd7 19. Rad1 a5 20. Bd3 Ba6 21. a4 Na7
22. axb5 1/2-1/2

[Event "Lichtenberger Sommer 2016"]
[Site "?"]
[Date "2016.08.20"]
[Round "8.68"]
[White "Hoffbauer, Joerg"]
[Black "Richter, Robert"]
[Result "1-0"]
[WhiteElo "1765"]
[BlackElo "1542"]
[PlyCount "87"]
[EventDate "2016.??.??"]
[WhiteTeam "BSG Bund (FV Schach)"]
[BlackTeam "SV Rüdersdorf"]

1. d4 Nf6 2. c4 g6 3. Nc3 d5 4. b3 Bg7 5. Nf3 O-O 6. g3 Na6 7. Bb2 Be6 8. Ng5
c6 9. Nxe6 fxe6 10. Bh3 Nc7 11. O-O Nd7 12. f4 dxc4 13. bxc4 Nb6 14. e3 Nxc4
15. Qe2 Nxe3 16. Rf3 Nf5 17. Bxf5 exf5 18. Rd1 Qd6 19. Na4 b6 20. Kg2 Rad8 21.
Kh3 Qb4 22. Qc2 Qd6 23. Re3 Nb5 24. Rde1 Nxd4 25. Bxd4 Bxd4 26. Rxe7 b5 27. Nb2
Rd7 28. Qb3+ Kh8 29. Re8 Rd8 30. R8e6 Qc5 31. Nd3 Qc3 32. Qb1 Bb6 33. Ne5 c5
34. Re7 Rd2 35. Qxb5 Qc2 36. Nf7+ Kg8 37. Nh6+ Kh8 38. R1e2 Rxe2 39. Rxe2 Qc3
40. Re7 Qd4 41. Qc6 Rb8 42. Nf7+ Kg8 43. Qe6 Kf8 44. Ne5 1-0

[Event "Lichtenberger Sommer 2016"]
[Site "?"]
[Date "2016.08.20"]
[Round "8.69"]
[White "Woinowski, Michael"]
[Black "Ho, Ngoc Hai-Dang"]
[Result "1-0"]
[WhiteElo "1734"]
[BlackElo "1242"]
[PlyCount "101"]
[EventDate "2016.??.??"]
[WhiteTeam "SC Kreuzberg"]
[BlackTeam "SF Friedrichshagen"]

1. e4 e5 2. Nf3 Nc6 3. Bb5 a6 4. Ba4 d6 5. O-O b5 6. Bb3 Nf6 7. Re1 Be7 8. c3
O-O 9. d4 exd4 10. cxd4 Bg4 11. a3 d5 12. e5 Ne4 13. h3 Bh5 14. Nc3 Nxc3 15.
bxc3 Na5 16. Bc2 Nc4 17. g4 Bg6 18. Bxg6 fxg6 19. Rf1 Rf7 20. Nd2 Qf8 21. Nxc4
dxc4 22. f4 Rd8 23. Qf3 Rb8 24. Qc6 Qc8 25. Be3 Rb6 26. Qe4 c6 27. Qf3 Rb7 28.
Kh2 Qe6 29. f5 Qd5 30. Kg3 gxf5 31. gxf5 Rf8 32. Qxd5+ cxd5 33. h4 Bd8 34. Rae1
Rbf7 35. Kg4 Be7 36. e6 h5+ 37. Kxh5 Rxf5+ 38. Rxf5 Rxf5+ 39. Kg4 Rf8 40. Bg5
Bd6 41. e7 Re8 42. Kf5 Kf7 43. Re6 Bxe7 44. Bxe7 Rxe7 45. Rxe7+ Kxe7 46. Ke5 a5
47. Kxd5 Kf7 48. Kc5 b4 49. axb4 a4 50. Kxc4 Ke6 51. b5 1-0

[Event "Lichtenberger Sommer 2016"]
[Site "?"]
[Date "2016.08.20"]
[Round "8.70"]
[White "Caglar, Ertan"]
[Black "Prütz, Sigurd"]
[Result "1-0"]
[WhiteElo "1626"]
[BlackElo "1724"]
[PlyCount "95"]
[EventDate "2016.??.??"]
[WhiteTeam "SW Lichtenrade"]
[BlackTeam "Königsjäger Süd-West"]

1. e4 c6 2. Nc3 d5 3. d4 g6 4. Be3 Bg7 5. e5 e6 6. f4 Ne7 7. g4 h5 8. Be2 h4 9.
h3 b6 10. Bd3 Ba6 11. Nf3 Bxd3 12. Qxd3 b5 13. a3 Bh6 14. Qd2 Nd7 15. Bf2 Nb6
16. b3 Qc7 17. Qe3 a6 18. Bxh4 Bg7 19. Bf2 O-O-O 20. a4 Kb7 21. Ng5 Ng8 22. Ke2
Bf8 23. Be1 Nh6 24. Bd2 b4 25. a5 bxc3 26. axb6 Qxb6 27. Bxc3 Rc8 28. Rhb1 Be7
29. Ba5 Qa7 30. b4 Ka8 31. Kf3 Qb7 32. Qd3 Qb5 33. Rb3 Bxg5 34. fxg5 Ng8 35.
Kg2 Kb7 36. Rc1 Qxd3 37. Rxd3 Ne7 38. Rf1 Rh7 39. Rdf3 Rf8 40. b5 c5 41. bxa6+
Kxa6 42. Ra1 Kb7 43. Rb3+ Kc8 44. Bb6 Rhh8 45. Ra8+ Kd7 46. Ra7+ Ke8 47. Bxc5
Nc8 48. Rb8 1-0

[Event "Lichtenberger Sommer 2016"]
[Site "?"]
[Date "2016.08.20"]
[Round "8.71"]
[White "Pöcheim, Stephan"]
[Black "Lieder, Günter"]
[Result "1/2-1/2"]
[WhiteElo "1716"]
[BlackElo "1866"]
[PlyCount "113"]
[EventDate "2016.??.??"]
[WhiteTeam "SF 1903 Berlin"]
[BlackTeam "SK Turm Bad Hersfeld"]

1. Nf3 Nf6 2. b3 d6 3. Bb2 e5 4. d3 g6 5. Nc3 Bg7 6. e4 Nc6 7. h3 Bd7 8. Bc1
O-O 9. Be3 a6 10. Be2 Re8 11. Bg5 h6 12. Be3 Be6 13. Qd2 Kh7 14. g4 d5 15. exd5
Nxd5 16. Nxd5 Bxd5 17. Rd1 Nd4 18. Bxd4 exd4 19. O-O Qd6 20. Rde1 Re7 21. Bd1
Rae8 22. Rxe7 Rxe7 23. Re1 Rxe1+ 24. Nxe1 Be5 25. Ng2 Bxg2 26. Kxg2 b6 27. a4
Bf4 28. Qe2 Kg7 29. Qe4 g5 30. Bf3 a5 31. Qe8 Qf6 32. Qc6 Bd6 33. Qe4 Bf4 34.
Qf5 Qxf5 35. gxf5 Kf6 36. Be4 h5 37. Kf3 h4 38. Ke2 Ke5 39. Kf3 f6 40. Kg4 Kd6
41. Kf3 Kc5 42. Ke2 Kb4 43. Kd1 Kc3 44. Bc6 Bh2 45. Be4 Bg1 46. f3 Bh2 47. Bc6
Kb4 48. Ke2 Kc5 49. Be4 Kd6 50. f4 Bxf4 51. Kf3 Bg3 52. Kg4 Kc5 53. Kf3 Kb4 54.
Ke2 Kc5 55. Bf3 Kd6 56. Be4 Ke5 57. Kf3 1/2-1/2

[Event "Lichtenberger Sommer 2016"]
[Site "?"]
[Date "2016.08.20"]
[Round "8.72"]
[White "Krusemark, Gerhard"]
[Black "Pöltelt, Helmut"]
[Result "1-0"]
[WhiteElo "1795"]
[BlackElo "1749"]
[PlyCount "111"]
[EventDate "2016.??.??"]
[WhiteTeam "TSG Fredersdorf/Vogelsdorf"]
[BlackTeam "SC Eintracht Berlin"]

1. e4 c5 2. Nc3 d6 3. f4 Nf6 4. h3 e6 5. Bb5+ Bd7 6. Bxd7+ Nbxd7 7. Nf3 Be7 8.
O-O a6 9. d3 Nb6 10. e5 Nfd5 11. Ne4 Qd7 12. c4 Nb4 13. a3 Nc6 14. Be3 O-O-O
15. exd6 Bxd6 16. Nxc5 Bxc5 17. Bxc5 Qc7 18. b3 Nd7 19. Be3 f6 20. b4 Ne7 21.
Nd4 Nf8 22. Qf3 e5 23. fxe5 fxe5 24. Qg4+ Kb8 25. Rxf8 Rdxf8 26. Ne6 Qc8 27.
Nxf8 Qxg4 28. hxg4 Rxf8 29. Bc5 Rf7 30. Bd6+ Kc8 31. Bxe5 Ng6 32. Bg3 Nf4 33.
Bxf4 Rxf4 34. Rd1 Rxg4 35. d4 Rf4 36. Rd3 Kc7 37. g3 Rg4 38. Kg2 g5 39. Kf3 h5
40. c5 b5 41. d5 Rc4 42. Re3 Kd7 43. d6 Kd8 44. Ke2 Rd4 45. Re5 Rg4 46. Kf3 Kd7
47. Re7+ Kd8 48. Ra7 Rd4 49. Rxa6 Rd3+ 50. Ke4 Rxg3 51. c6 Ke8 52. Ra8+ Kf7 53.
d7 h4 54. d8=Q h3 55. Ra7+ Kg6 56. Qd6+ 1-0

[Event "Lichtenberger Sommer 2016"]
[Site "?"]
[Date "2016.08.20"]
[Round "8.73"]
[White "Fiedler, Ronald"]
[Black "Petersen, Moritz"]
[Result "1/2-1/2"]
[WhiteElo "1700"]
[BlackElo "1729"]
[PlyCount "66"]
[EventDate "2016.??.??"]
[WhiteTeam "Läufer Reinickendorf"]
[BlackTeam "SV Rüdersdorf"]

1. d4 d5 2. c4 e6 3. Nc3 Nf6 4. cxd5 exd5 5. Bg5 Be7 6. e3 c6 7. h3 Bf5 8. Bd3
Ne4 9. Bxe7 Qxe7 10. Nge2 Qg5 11. Bxe4 Bxe4 12. Nxe4 dxe4 13. Ng3 Nd7 14. Qg4
Qa5+ 15. Ke2 Qb5+ 16. Ke1 O-O-O 17. Qe2 Qxe2+ 18. Kxe2 Nf6 19. Rac1 Kb8 20.
Rhd1 Rhe8 21. Rc5 Nd5 22. a3 g6 23. Nf1 f5 24. g3 g5 25. Nd2 f4 26. Nc4 Rf8 27.
Ne5 fxe3 28. fxe3 Rf6 29. Rcc1 Kc7 30. Rf1 Rdf8 31. Rxf6 Rxf6 32. Re1 h5 33.
Rg1 Kd6 1/2-1/2

[Event "Lichtenberger Sommer 2016"]
[Site "?"]
[Date "2016.08.20"]
[Round "8.74"]
[White "Fock, Sana"]
[Black "Schiering, Manfred"]
[Result "1/2-1/2"]
[WhiteElo "1581"]
[BlackElo "1671"]
[PlyCount "67"]
[EventDate "2016.??.??"]
[WhiteTeam "SK International Berlin"]
[BlackTeam "vereinslos"]

1. e4 c6 2. d4 d5 3. Nd2 dxe4 4. Nxe4 Bf5 5. Ng3 Bg6 6. h4 h6 7. h5 Bh7 8. Nf3
e6 9. Bf4 Nf6 10. Bd3 Bxd3 11. Qxd3 Nbd7 12. c3 c5 13. Qb5 Qb6 14. Qxb6 axb6
15. dxc5 bxc5 16. Ne5 Nxe5 17. Bxe5 Be7 18. O-O O-O 19. a3 Rfd8 20. Rfd1 Kf8
21. Bc7 Rxd1+ 22. Rxd1 Ke8 23. f3 Rc8 24. Be5 Rd8 25. Rxd8+ Kxd8 26. b4 cxb4
27. axb4 Kd7 28. Kf2 Kc6 29. Ke2 Kd5 30. Bxf6 Bxf6 31. Ne4 Be7 32. Ke3 b5 33.
g4 g6 34. Ng3 1/2-1/2

[Event "Lichtenberger Sommer 2016"]
[Site "?"]
[Date "2016.08.20"]
[Round "8.77"]
[White "Schilling, Florian"]
[Black "Wolfram, Mike"]
[Result "1-0"]
[WhiteElo "1932"]
[BlackElo "1556"]
[PlyCount "55"]
[EventDate "2016.??.??"]
[WhiteTeam "vereinslos"]
[BlackTeam "Lok Pritzwalk"]

1. f4 d5 2. b4 Nf6 3. g3 Bf5 4. Bg2 c6 5. Nf3 Qb6 6. a3 g6 7. Bb2 Bg7 8. Bd4
Qd8 9. O-O Nbd7 10. d3 O-O 11. h3 Ne8 12. Nbd2 Bxd4+ 13. Nxd4 Qb6 14. e3 c5 15.
bxc5 Qxc5 16. N2b3 Qb6 17. g4 Be6 18. f5 gxf5 19. gxf5 Kh8 20. fxe6 fxe6 21.
Rxf8+ Nxf8 22. Qh5 Ng6 23. Kh1 e5 24. Nf3 Qxe3 25. Re1 Qf2 26. Rf1 Qg3 27. Ng5
Qh4 28. Rf8+ 1-0

[Event "Lichtenberger Sommer 2016"]
[Site "?"]
[Date "2016.08.20"]
[Round "8.78"]
[White "Schwager, Thomas"]
[Black "Rollwitz, Jürgen"]
[Result "1/2-1/2"]
[WhiteElo "1632"]
[BlackElo "1951"]
[PlyCount "38"]
[EventDate "2016.??.??"]
[WhiteTeam "SC Friesen Lichtenberg"]
[BlackTeam "SC Rochade (Berlin)"]

1. d4 d6 2. c4 e5 3. dxe5 dxe5 4. Qxd8+ Kxd8 5. e4 Nc6 6. Bg5+ f6 7. Be3 Bb4+
8. Nd2 Be6 9. O-O-O Ke8 10. a3 Be7 11. c5 a6 12. Bc4 Bxc4 13. Nxc4 Rd8 14. Ne2
Rxd1+ 15. Rxd1 Bd8 16. Nc3 Nge7 17. Nd5 Kf7 18. b4 g5 19. f3 Ke6 1/2-1/2

[Event "Lichtenberger Sommer 2016"]
[Site "?"]
[Date "2016.08.20"]
[Round "8.79"]
[White "Fischer, Josef"]
[Black "Stein, Siegfried"]
[Result "0-1"]
[WhiteElo "1386"]
[BlackElo "1856"]
[PlyCount "80"]
[EventDate "2016.??.??"]
[WhiteTeam "SK Kriegshaber"]
[BlackTeam "SV Berolina Mitte"]

1. e4 c5 2. Nf3 Nc6 3. Bb5 g6 4. O-O Bg7 5. c3 Nf6 6. Re1 O-O 7. d4 cxd4 8.
cxd4 d6 9. h3 Bd7 10. Nc3 Ne8 11. Be3 a6 12. Ba4 b5 13. Bb3 Na5 14. Rc1 Nf6 15.
e5 Ne8 16. Bf4 Nxb3 17. Qxb3 dxe5 18. dxe5 Be6 19. Qb4 Ra7 20. Red1 Rd7 21.
Rxd7 Qxd7 22. Rd1 Qb7 23. Ng5 Bc8 24. Nce4 h6 25. Nf3 a5 26. Qd4 Nc7 27. Nc5
Ne6 28. Nxb7 Nxd4 29. Nxd4 Bxb7 30. Nxb5 g5 31. Bh2 f5 32. exf6 Bxf6 33. b3 Be4
34. Bc7 Ra8 35. Rd8+ Rxd8 36. Bxd8 Bb1 37. Bxa5 Bxa2 38. b4 Be5 39. f3 Bc4 40.
Na7 Bd4+ 0-1

[Event "Lichtenberger Sommer 2016"]
[Site "?"]
[Date "2016.08.20"]
[Round "8.80"]
[White "Kautz, Stefan"]
[Black "Bastian, Reinhard"]
[Result "1-0"]
[WhiteElo "1935"]
[BlackElo "1441"]
[PlyCount "113"]
[EventDate "2016.??.??"]
[WhiteTeam "SC Empor Maulwurf Bonn"]
[BlackTeam "vereinslos"]

1. d4 e6 2. c4 f5 3. Nc3 Nf6 4. g3 d5 5. Bg2 c6 6. cxd5 exd5 7. a3 Be7 8. Nf3
O-O 9. O-O Ne4 10. Ne5 Nd7 11. Nd3 Bd6 12. Qb3 Qb6 13. Qxb6 axb6 14. Nxe4 fxe4
15. Nf4 Nf6 16. e3 g5 17. Ne2 Bg4 18. Nc3 Bf3 19. Bxf3 exf3 20. e4 dxe4 21.
Bxg5 Rae8 22. Rfe1 Re6 23. Kf1 Ng4 24. h3 Nh2+ 25. Kg1 Bxg3 26. Nxe4 Bc7 27.
Bh4 Kg7 28. Bg3 Bxg3 29. Nxg3 Rfe8 30. Rxe6 Rxe6 31. Kxh2 Kf6 32. h4 Kg6 33.
h5+ Kf7 34. Rd1 Rd6 35. Kh3 Rd5 36. Kg4 c5 37. Kxf3 cxd4 38. Ke4 Rc5 39. Rd2
Rc4 40. Kd5 Rc5+ 41. Kxd4 Rc7 42. Ne4 Kg7 43. Ke3 Kh6 44. Rd5 Rc2 45. Rb5 Rc6
46. f4 Kg7 47. Kd4 Rh6 48. f5 Rc6 49. Ke5 h6 50. Nd6 Rc2 51. Rxb6 Re2+ 52. Ne4
Rh2 53. Rxb7+ Kf8 54. Nd6 Rxh5 55. Kf6 Kg8 56. Rb8+ Kh7 57. Nf7 1-0